Utopía en la arquitectura
Salvato in:
| Natura: | Libro |
|---|---|
| Lingua: | spagnolo |
| Pubblicazione: |
Valparaíso
Universidad Católica de Valparaíso
1990
|
| Soggetti: | |
| Tags: |
Aggiungi Tag
Nessun Tag, puoi essere il primo ad aggiungerne!!
|
MARC
| LEADER | 00000nam a2200000 a 4500 | ||
|---|---|---|---|
| 001 | UCK1608 | ||
| 003 | CL-VaPUC | ||
| 008 | 041119e19900000CL |||||||||||||||||spa|d | ||
| 082 | 0 | 4 | |a 720.1 |b UTO |2 21 |
| 245 | 1 | 0 | |a Utopía en la arquitectura |
| 300 | |a 70 h | ||
| 942 | |c BK | ||
| 945 | |d 20041119 00:00:00 |a cmena | ||
| 260 | |a Valparaíso |b Universidad Católica de Valparaíso |c 1990 | ||
| 650 | 0 | |a Filosofía del arte |9 264951 | |
| 650 | 0 | |a Arquitectura |9 804558 | |
| 650 | 0 | |a Historia de la arquitectura |9 266241 | |
| 650 | 0 | |a Estilos artísticos |9 340996 | |
| 650 | 0 | |a Planificación urbana |9 258176 | |
| 583 | |a last modification |c 20041119 00:00:00 |k Rodrigo Vera | ||
| 999 | |c 311511 |d 311509 | ||
| 952 | |0 0 |1 0 |4 0 |6 720_100000000000000_UTO_1990 |7 0 |8 R |9 380945 |a BIBARQ |b BIBARQ |d 2019-11-21 |i 3996360 |o 720.1 UTO 1990 |p 3996360 |r 2025-01-20 |w 2019-11-21 |y BK_R |k ARQ | ||
| 952 | |0 0 |1 0 |4 0 |6 720_100000000000000_UTO_1990 |7 0 |8 R |9 380946 |a BIBARQ |b BIBARQ |d 2019-11-21 |i 3996352 |o 720.1 UTO 1990 |p 3996352 |r 2025-01-20 |w 2019-11-21 |y BK_R |k ARQ | ||